Tercer informe : trabajos administrativos municipales 1998 /

Contenido: 1) Presentación; 2) Entre los datos y la historia; 3) Historia del Concejo Municipal; 4) Tercer informe de gobierno.

Kaydedildi:
Detaylı Bibliyografya
Müşterek Yazar: Ocosingo. Concejo Municipal. 1996-1998
Materyal Türü: Kitap
Konular:
Etiketler: Etiketle
Etiket eklenmemiş, İlk siz ekleyin!

MARC

LEADER 00000nam^a2200000^a^4500
001 000392866
005 20250521000000.0
009 20260310121253.609
037 |a Acervo ITESO - Biblioteca 
082 |a 320. 972  |b INF CHI 1998 V. 59 
110 |a Ocosingo.  |b Concejo Municipal. 1996-1998 
240 1 1 |a [Informe de gobierno del Concejo Municipal] 
245 1 0 |a Tercer informe :  |b trabajos administrativos municipales 1998 /  |c Concejo Municipal. 
246 2 |a Título en la cubierta: Gobierno municipal de Ocosingo 1996-1998: apuesta y reto hacia una auténtica autonomía municipal y buen gobierno 
264 |a Ocosingo, México :  |b Ayuntamiento de Ocosingo,  |c 1998 
300 |a 120 p. 
336 |a texto  |b txt  |2 rdacontenido 
337 |a sin mediación  |b n  |2 rdamedio 
338 |a volumen  |b nc  |2 rdasoporte 
520 |a Contenido: 1) Presentación; 2) Entre los datos y la historia; 3) Historia del Concejo Municipal; 4) Tercer informe de gobierno. 
561 |a Obra autografiada por Ricardo para Carlos Núñez Hurtado 
649 |a XX 
650 |a Concejo Municipal -  |z Ocosingo, Chiapas -  |x Informes 
650 |a Informe de Gobierno -  |z Ocosingo, Chiapas -  |x Tema Principal 
650 |a Informe de Gobierno -  |z Chiapas 
650 |a Informe de Gobierno -  |z México 
650 |a Gobernabilidad -  |z Ocosingo, Chiapas 
650 |a Gobernabilidad -  |z Chiapas 
650 |a Gobernabilidad -  |z México 
650 |a Consenso Político -  |z Ocosingo, Chiapas 
650 |a Consenso Político -  |z Chiapas 
650 |a Consenso Político -  |z México 
650 |a Seguridad Pública -  |z Ocosingo, Chiapas 
650 |a Seguridad Pública -  |z Chiapas 
650 |a Seguridad Pública -  |z México 
650 |a Finanzas Públicas -  |z Ocosingo, Chiapas 
650 |a Finanzas Públicas -  |z Chiapas 
650 |a Finanzas Públicas -  |z México 
650 |a Servicios Públicos -  |z Ocosingo, Chiapas 
650 |a Servicios Públicos -  |z Chiapas 
650 |a Servicios Públicos -  |z México 
650 |a Infraestructura -  |z Ocosingo, Chiapas 
650 |a Infraestructura -  |z Chiapas 
650 |a Infraestructura -  |z México 
650 |a Pobreza -  |z Ocosingo, Chiapas 
650 |a Pobreza -  |z Chiapas 
650 |a Pobreza -  |z México 
650 |a Empleo y Desempleo -  |z Ocosingo, Chiapas 
650 |a Empleo y Desempleo -  |z Chiapas 
650 |a Empleo y Desempleo -  |z México 
650 |a Desarrollo Económico-Social -  |z Ocosingo, Chiapas 
650 |a Desarrollo Económico-Social -  |z Chiapas 
650 |a Desarrollo Económico-Social -  |z México 
650 |a Administración Pública -  |z Ocosingo, Chiapas 
650 |a Administración Pública -  |z Chiapas 
650 |a Administración Pública -  |z México 
650 |a Política -  |z Ocosingo, Chiapas 
650 |a Política -  |z Chiapas 
650 |a Política -  |z México 
910 |a Fondo Carlos Núñez Hurtado 
920 |a Impresos - Libros 
930 |a Fondos Especiales 
905 |a 117 
901 |a 0500287792  |b IT2  |c ESP  |i D81435  |u 20250521 
902 |a https://opac.biblio.iteso.mx/vufind/Record/000392866